| 000 | 00689nam a2200229Ia 4500 | ||
|---|---|---|---|
| 003 | GCL | ||
| 005 | 20240530105117.0 | ||
| 008 | 140319s9999 xx 000 0 ara d | ||
| 040 |
_aGCL / _cGCL |
||
| 082 | 0 | 4 |
_a792 _bت م |
| 100 | 1 | _aتيلر, جون رسل | |
| 245 | 1 | 2 |
_aالموسوعة المسرحية / _cجون رسل تيلر |
| 260 |
_a[S.N] : _bدائرة الاعلام ، _c1990 |
||
| 300 | _a333 ص | ||
| 490 |
_aسلسلة المامون _v0 |
||
| 650 | 0 | 4 | _aالمسرح |
| 650 | 0 | 4 | _aالكتاب المسرحيين |
| 650 | 0 | 4 | _aالمسارح |
| 650 | 0 | 4 | _aالفرق المسرحية |
| 700 | 1 | _aسمير عبدالرحيم الجبلى | |
| 942 |
_2ddc _cBK |
||
| 999 |
_c53237 _d53237 |
||